OPERATIVE GYNECOLOGY (Record no. 29988)

MARC details
000 -LEADER
fixed length control field 00435nam a22001697a 4500
003 - CONTROL NUMBER IDENTIFIER
control field OSt
005 - DATE AND TIME OF LATEST TRANSACTION
control field 20220211103401.0
008 - FIXED-LENGTH DATA ELEMENTS--GENERAL INFORMATION
fixed length control field 220211b |||||||| |||| 00| 0 eng d
020 ## - INTERNATIONAL STANDARD BOOK NUMBER
International Standard Book Number 978-0-7817-7234-1
040 ## - CATALOGING SOURCE
Original cataloging agency DDC
Transcribing agency HU
082 ## - DEWEY DECIMAL CLASSIFICATION NUMBER
Edition number 10TH
Classification number 618-R6-2008
Item number 6
100 ## - MAIN ENTRY--PERSONAL NAME
Personal name JOHN A. ROCK
9 (RLIN) 30189
245 ## - TITLE STATEMENT
Title OPERATIVE GYNECOLOGY
250 ## - EDITION STATEMENT
Edition statement 10TH
260 ## - PUBLICATION, DISTRIBUTION, ETC.
Place of publication, distribution, etc. LONDON
Name of publisher, distributor, etc. LIPPINCOTT WILLIAMS AND WILKINS
Date of publication, distribution, etc. 2008
942 ## - ADDED ENTRY ELEMENTS (KOHA)
Source of classification or shelving scheme Dewey Decimal Classification
Koha item type Books like text book referance book
Suppress in OPAC No
Holdings
Withdrawn status Lost status Source of classification or shelving scheme Damaged status Not for loan Home library Current library Date acquired Total Checkouts Full call number Barcode Date last seen Copy number Price effective from Koha item type
    Dewey Decimal Classification     College of Medicine and Health’s Sciences Library College of Medicine and Health’s Sciences Library 02/11/2022   618.145-R6 CMHSL00010106 02/11/2022 1 02/11/2022 Books like text book referance book
    Dewey Decimal Classification     College of Medicine and Health’s Sciences Library College of Medicine and Health’s Sciences Library 02/11/2022   618.145-R6 CMHSL00010107 02/11/2022 2 02/11/2022 Books like text book referance book
    Dewey Decimal Classification     College of Medicine and Health’s Sciences Library College of Medicine and Health’s Sciences Library 02/11/2022   618.145-R6 CMHSL00010108 02/11/2022 3 02/11/2022 Books like text book referance book
    Dewey Decimal Classification     College of Medicine and Health’s Sciences Library College of Medicine and Health’s Sciences Library 02/11/2022   618.145-R6 CMHSL00010109 02/11/2022 4 02/11/2022 Books like text book referance book
    Dewey Decimal Classification     College of Medicine and Health’s Sciences Library College of Medicine and Health’s Sciences Library 02/11/2022   618.145-R6 CMHSL00010110 02/11/2022 5 02/11/2022 Books like text book referance book
    Dewey Decimal Classification     College of Medicine and Health’s Sciences Library College of Medicine and Health’s Sciences Library 02/11/2022   618.145-R6 CMHSL00010111 02/11/2022 6 02/11/2022 Books like text book referance book